Emerging Legal Frontiers in Insurance (Запис № 579774)
[ простий вигляд ]
| 000 -LEADER | |
|---|---|
| fixed length control field | 05912nam a22007695i 4500 |
| 001 - CONTROL NUMBER | |
| control field | 978-3-032-09716-3 |
| 003 - CONTROL NUMBER IDENTIFIER | |
| control field | DE-He213 |
| 005 - DATE AND TIME OF LATEST TRANSACTION | |
| control field | 20260304123945.0 |
| 007 - PHYSICAL DESCRIPTION FIXED FIELD--GENERAL INFORMATION | |
| fixed length control field | cr nn 008mamaa |
| 008 - FIXED-LENGTH DATA ELEMENTS--GENERAL INFORMATION | |
| fixed length control field | 251226s2025 sz | s |||| 0|eng d |
| 020 ## - INTERNATIONAL STANDARD BOOK NUMBER | |
| International Standard Book Number | 9783032097163 |
| -- | 978-3-032-09716-3 |
| 024 7# - OTHER STANDARD IDENTIFIER | |
| Standard number or code | 10.1007/978-3-032-09716-3 |
| Source of number or code | doi |
| 050 #4 - LIBRARY OF CONGRESS CALL NUMBER | |
| Classification number | K4240-4343 |
| 072 #7 - SUBJECT CATEGORY CODE | |
| Subject category code | LNJ |
| Source | bicssc |
| 072 #7 - SUBJECT CATEGORY CODE | |
| Subject category code | LAW000000 |
| Source | bisacsh |
| 072 #7 - SUBJECT CATEGORY CODE | |
| Subject category code | LNJ |
| Source | thema |
| 082 04 - DEWEY DECIMAL CLASSIFICATION NUMBER | |
| Classification number | 343.099 |
| Edition number | 23 |
| 245 10 - TITLE STATEMENT | |
| Title | Emerging Legal Frontiers in Insurance |
| Medium | [electronic resource] : |
| Remainder of title | Digital Transformation, Cross-Border Challenges, and Market Innovation / |
| Statement of responsibility, etc | edited by Pierpaolo Marano. |
| 250 ## - EDITION STATEMENT | |
| Edition statement | 1st ed. 2025. |
| 264 #1 - | |
| -- | Cham : |
| -- | Springer Nature Switzerland : |
| -- | Imprint: Springer, |
| -- | 2025. |
| 300 ## - PHYSICAL DESCRIPTION | |
| Extent | VIII, 216 p. 3 illus. |
| Other physical details | online resource. |
| 336 ## - | |
| -- | text |
| -- | txt |
| -- | rdacontent |
| 337 ## - | |
| -- | computer |
| -- | c |
| -- | rdamedia |
| 338 ## - | |
| -- | online resource |
| -- | cr |
| -- | rdacarrier |
| 341 0# - | |
| -- | PDF/UA-1 |
| -- | onix |
| 341 0# - | |
| -- | Table of contents navigation |
| -- | onix |
| 341 0# - | |
| -- | Single logical reading order |
| -- | onix |
| 341 0# - | |
| -- | Short alternative textual descriptions |
| -- | onix |
| 341 0# - | |
| -- | Use of color is not sole means of conveying information |
| -- | onix |
| 341 0# - | |
| -- | Use of high contrast between text and background color |
| -- | onix |
| 341 0# - | |
| -- | Next / Previous structural navigation |
| -- | onix |
| 341 0# - | |
| -- | All non-decorative content supports reading without sight |
| -- | onix |
| 347 ## - | |
| -- | text file |
| -- | |
| -- | rda |
| 490 1# - SERIES STATEMENT | |
| Series statement | AIDA Europe Research Series on Insurance Law and Regulation, |
| Міжнародний стандартний серійний номер для назви серії (ISSN) | 2662-1789 ; |
| Том/ позначення послідовності | 16 |
| 505 0# - FORMATTED CONTENTS NOTE | |
| Formatted contents note | Part I — Digital Realities and Technological Disruptions in Insurance Law -- 1. The Legal Challenges Surrounding Transactions in the Metaverse: The Case of Insurance -- 2. Bringing Trustworthy Robo-Advisers into the Insurance Distribution Process: An Accountability Perspective -- 3. Chinese Perspective on Representation Duty in Blockchain-Based Insurance -- 4.The Impact of Copyright Law on Insurance Distribution: The Development of the Insurance Market within Economic Efficiency/Inefficiency of Copyright Monopolies -- Part II — Jurisdictional Perspectives and Cross-Border Insurance Market Dynamics -- 5. Cross-Border (Life) Insurance Business: A Constant Goal with (Almost) Impossible Legal Obstacles -- 6. Group Insurance in Comparative Perspective: Ensuring Fairness, Efficiency, and Beyond -- 7. Legal and Economic Aspects of Co-operation of Insurance Brokers: The Polish Case -- 8. The Importance of EU Soft Law in Insurance Distribution: The Case of Poland. |
| 506 0# - RESTRICTIONS ON ACCESS NOTE | |
| Terms governing access | Open Access |
| 520 ## - SUMMARY, ETC. | |
| Summary, etc | This open access book offers a forward-looking analysis of how digital disruption and cross-border dynamics are reshaping insurance law. Further, it shares legal and regulatory insights into the challenges posed by new technologies and evolving market structures. The first section explores digital realities—from insurance in the metaverse and robo-advisers to blockchain-based duties and the role of copyright law in digital distribution. In turn, the second section discusses jurisdictional and cross-border issues, including barriers to life insurance passporting, fairness in group insurance, brokers co-opetition, and the influence of EU soft law on national markets. These topics are highly relevant, as they reflect the real-world pressures on legal systems to adapt to innovation while maintaining fairness, accountability, and coherence. The book addresses the regulatory and legal gaps emerging from this transformation, helping readers navigate the resulting complexities and uncertainties. Given its scope, it will be of interest to legal scholars, regulators, practitioners, and advanced students in the fields of insurance law, financial regulation, and digital governance. |
| 532 8# - | |
| -- | Accessibility summary: This PDF has been created in accordance with the PDF/UA-1 standard to enhance accessibility, including screen reader support, described non-text content (images, graphs), bookmarks for easy navigation, keyboard-friendly links and forms and searchable, selectable text. We recognize the importance of accessibility, and we welcome queries about accessibility for any of our products. If you have a question or an access need, please get in touch with us at accessibilitysupport@springernature.com. Please note that a more accessible version of this eBook is available as ePub. |
| 532 8# - | |
| -- | No reading system accessibility options actively disabled |
| 532 8# - | |
| -- | Publisher contact for further accessibility information: accessibilitysupport@springernature.com |
| 650 #0 - SUBJECT ADDED ENTRY--TOPICAL TERM | |
| Topical term or geographic name as entry element | Information technology |
| General subdivision | Law and legislation. |
| 9 (RLIN) | 479 |
| 650 #0 - SUBJECT ADDED ENTRY--TOPICAL TERM | |
| Topical term or geographic name as entry element | Mass media |
| General subdivision | Law and legislation. |
| 9 (RLIN) | 480 |
| 650 #0 - SUBJECT ADDED ENTRY--TOPICAL TERM | |
| Topical term or geographic name as entry element | Private international law. |
| 9 (RLIN) | 482 |
| 650 #0 - SUBJECT ADDED ENTRY--TOPICAL TERM | |
| Topical term or geographic name as entry element | Conflict of laws. |
| 9 (RLIN) | 483 |
| 650 #0 - SUBJECT ADDED ENTRY--TOPICAL TERM | |
| Topical term or geographic name as entry element | International law. |
| 9 (RLIN) | 484 |
| 650 #0 - SUBJECT ADDED ENTRY--TOPICAL TERM | |
| Topical term or geographic name as entry element | Comparative law. |
| 9 (RLIN) | 485 |
| 650 #0 - SUBJECT ADDED ENTRY--TOPICAL TERM | |
| Topical term or geographic name as entry element | Commercial law. |
| 650 #0 - SUBJECT ADDED ENTRY--TOPICAL TERM | |
| Topical term or geographic name as entry element | European Economic Community. |
| 9 (RLIN) | 6601 |
| 650 #0 - SUBJECT ADDED ENTRY--TOPICAL TERM | |
| Topical term or geographic name as entry element | Finance |
| General subdivision | Law and legislation. |
| 650 14 - SUBJECT ADDED ENTRY--TOPICAL TERM | |
| Topical term or geographic name as entry element | IT Law, Media Law, Intellectual Property. |
| 9 (RLIN) | 488 |
| 650 24 - SUBJECT ADDED ENTRY--TOPICAL TERM | |
| Topical term or geographic name as entry element | Private International Law, International and Foreign Law, Comparative Law. |
| 9 (RLIN) | 490 |
| 650 24 - SUBJECT ADDED ENTRY--TOPICAL TERM | |
| Topical term or geographic name as entry element | European Economic Law. |
| 9 (RLIN) | 6608 |
| 650 24 - SUBJECT ADDED ENTRY--TOPICAL TERM | |
| Topical term or geographic name as entry element | Financial Law. |
| 700 1# - ADDED ENTRY--PERSONAL NAME | |
| Personal name | Marano, Pierpaolo. |
| Relator term | editor. |
| Relator code | edt |
| -- | http://id.loc.gov/vocabulary/relators/edt |
| 9 (RLIN) | 6612 |
| 710 2# - ADDED ENTRY--CORPORATE NAME | |
| Corporate name or jurisdiction name as entry element | SpringerLink (Online service) |
| 773 0# - HOST ITEM ENTRY | |
| Title | Springer Nature eBook |
| 776 08 - ADDITIONAL PHYSICAL FORM ENTRY | |
| Display text | Printed edition: |
| International Standard Book Number | 9783032097156 |
| 776 08 - ADDITIONAL PHYSICAL FORM ENTRY | |
| Display text | Printed edition: |
| International Standard Book Number | 9783032097170 |
| 776 08 - ADDITIONAL PHYSICAL FORM ENTRY | |
| Display text | Printed edition: |
| International Standard Book Number | 9783032097187 |
| 830 #0 - SERIES ADDED ENTRY--UNIFORM TITLE | |
| Uniform title | AIDA Europe Research Series on Insurance Law and Regulation, |
| -- | 2662-1789 ; |
| Volume number/sequential designation | 16 |
| 9 (RLIN) | 6614 |
| 856 40 - ELECTRONIC LOCATION AND ACCESS | |
| Uniform Resource Identifier | <a href="https://doi.org/10.1007/978-3-032-09716-3">https://doi.org/10.1007/978-3-032-09716-3</a> |
| 912 ## - | |
| -- | ZDB-2-LCR |
| 912 ## - | |
| -- | ZDB-2-SXLC |
| 912 ## - | |
| -- | ZDB-2-SOB |
Немає доступних примірників.